000 00426nam a2200181Ia 4500
001 4465
005 20260306145758.0
008 260306t2010||||xx |||||||||||||| ||spa||
041 _aESP
082 _a323.01
_bM42
100 _aMenke, Christoph
_eAUT
245 0 _aFilosofía de los derechos humanos
260 _c2010
300 _a247 páginas :
_c22 cm.
650 _aGEN
654 _aCHU
942 _cLIB
_dJUS
_fJUS
_2ddc
_n
999 _c4465
_d4465